| 000 | 01112nam a22002417a 4500 | ||
|---|---|---|---|
| 999 |
_c9154 _d9154 |
||
| 003 | AR-CdUCM | ||
| 008 | 190327b ||||| |||| 00| 0 spa d | ||
| 020 | _a9972-9937-0-1 | ||
| 040 |
_aMUNICIPALIDAD PROVINCIAL DEL CUSCO _cBIBLIOTECA MUNICIPAL DEL CUSCO |
||
| 082 |
_a363.9 / _bU5 |
||
| 110 |
_aFondo de Población de las Naciones Unidas _925193 |
||
| 245 | _aPrograma de acción de la Conferencia Internacional sobre Población y Desarrollo (CIPD) / | ||
| 260 |
_aLima : _bFondo de Población de las Naciones Unidas, _c2004. |
||
| 300 |
_a194 páginas ; _c21 cm. |
||
| 505 | _aContenido: Relaciones entre la población, el crecimiento económico sostenido y el desarrollo sostenible -- Igualdad y equidad entre los sexos y habilitación de la mujer -- La familia, sus funciones, derechos, composición y estructura -- Crecimiento y estructura de la población ... | ||
| 650 |
_aDesarrollo sostenible _94163 |
||
| 650 |
_aDesarrollo social _91131 |
||
| 650 |
_aProyecciones de población _925194 |
||
| 650 |
_aPoblación _93673 |
||
| 856 | _fAspectos demográficos | ||
| 942 |
_2ddc _cLIBROS |
||
| 945 | _aacv | ||